Essentials of Foye's Principles of Medicinal Chemistry (Record no. 8632)
[ view plain ]
| 000 -LEADER | |
|---|---|
| fixed length control field | 00450nam a22001577a 4500 |
| 003 - CONTROL NUMBER IDENTIFIER | |
| control field | OSt |
| 008 - FIXED-LENGTH DATA ELEMENTS--GENERAL INFORMATION | |
| fixed length control field | 200525b ||||| |||| 00| 0 eng d |
| 020 ## - INTERNATIONAL STANDARD BOOK NUMBER | |
| International Standard Book Number | 9781451192063 |
| 100 ## - MAIN ENTRY--PERSONAL NAME | |
| Personal name | Lemke, David A. Williams, S. William Zito, Victoria F. Roch |
| 245 ## - TITLE STATEMENT | |
| Title | Essentials of Foye's Principles of Medicinal Chemistry |
| 250 ## - EDITION STATEMENT | |
| Edition statement | REP |
| 260 ## - PUBLICATION, DISTRIBUTION, ETC. (IMPRINT) | |
| Place of publication, distribution, etc | New Delhi |
| Name of publisher, distributor, etc | Wolters Kluwer |
| Date of publication, distribution, etc | 2017 |
| 310 ## - CURRENT PUBLICATION FREQUENCY | |
| Current publication frequency | 641 |
| 650 ## - SUBJECT ADDED ENTRY--TOPICAL TERM | |
| Topical term or geographic name as entry element | Medicinal Chemistry |
| 942 ## - ADDED ENTRY ELEMENTS (KOHA) | |
| Source of classification or shelving scheme | Dewey Decimal Classification |
| Koha item type | Text Books |
| 942 ## - ADDED ENTRY ELEMENTS (KOHA) | |
| -- | 1 |
| Withdrawn status | Lost status | Source of classification or shelving scheme | Damaged status | Not for loan | Collection code | Home library | Current library | Shelving location | Date acquired | Currency | Cost, normal purchase price | Bill Number | Total Checkouts | Full call number | Acc. no. / Barcode | Date last seen | Actual Cost, discounted price | Bill Date | Koha item type | Date last borrowed |
|---|---|---|---|---|---|---|---|---|---|---|---|---|---|---|---|---|---|---|---|---|
| Dewey Decimal Classification | B.Pharma | PIET C-LIBRARY | PIET C-LIBRARY | Ref. Sec. R09 | 08/01/2020 | IN Rupees | 950.00 | IN5984 | 616.0756 LEE | BP484 | 25/05/2020 | 712.50 | 08/01/2020 | Reference Books | ||||||
| Dewey Decimal Classification | B.Pharma | PIET C-LIBRARY | PIET C-LIBRARY | 08/01/2020 | IN Rupees | 950.00 | IN5984 | 4 | 616.0756 LEE | BP485 | 10/03/2026 | 712.50 | 08/01/2020 | Text Books | 25/02/2026 | |||||
| Dewey Decimal Classification | B.Pharma | PIET C-LIBRARY | PIET C-LIBRARY | 08/01/2020 | IN Rupees | 950.00 | IN5984 | 3 | 616.0756 LEE | BP486 | 31/01/2026 | 712.50 | 08/01/2020 | Text Books | 22/09/2025 |